| 000 | 00677nam a2200253Ia 4500 | ||
|---|---|---|---|
| 003 | BUBTL | ||
| 008 | 151213s9999 xx 000 0 und d | ||
| 020 | _a81English80380017 | ||
| 041 | _aEnglish | ||
| 082 | _a340/R2151g/ 2002 | ||
| 100 |
_aRao, Justice MN _94094 |
||
| 245 |
_aGeneral Clauses Act/ _cJustice MN Rao |
||
| 250 | _a10th | ||
| 260 |
_aNew Delhi _bLexis Nexis Butterworth _cc2002 |
||
| 300 |
_a[xcvi] , 864p . : _bill. ; 21 cm. |
||
| 500 | _aIncludes Index | ||
| 526 | _aLaw | ||
| 650 |
_aLaw _94095 |
||
| 650 |
_a _94095 |
||
| 700 |
_aJustice MN Rao _94096 |
||
| 856 |
_k0 _l0 _yDownload |
||
| 942 |
_2ddc _cBK |
||
| 999 |
_c2210 _d2210 |
||